Better athletics--field (with cross country and race walking) / (Record no. 10038)
[ view plain ]
| 000 -LEADER | |
|---|---|
| fixed length control field | 01009cam a2200277 i 4500 |
| 001 - CONTROL NUMBER | |
| JCCL Control Number | 10038 |
| 003 - CONTROL NUMBER IDENTIFIER | |
| JCCL marc code | BD-JhCC |
| 005 - DATE AND TIME OF LATEST TRANSACTION | |
| control field | 20180404184041.0 |
| 008 - FIXED-LENGTH DATA ELEMENTS--GENERAL INFORMATION | |
| fixed length control field | 180404s1973 enkac 000 0 eng |
| 020 ## - INTERNATIONAL STANDARD BOOK NUMBER | |
| International Standard Book Number | 0718204964 : |
| Terms of availability | £1.25 ($6.95 U.S.) |
| 035 ## - SYSTEM CONTROL NUMBER | |
| system control number | (BD-JhCC)10038 |
| 040 ## - CATALOGING SOURCE | |
| Original cataloging agency | DLC |
| Transcribing agency | DLC |
| Modifying agency | DLC |
| -- | BD-JhCC |
| 041 ## - LANGUAGE CODE | |
| Language code of Book | eng |
| 050 00 - LIBRARY OF CONGRESS CALL NUMBER | |
| Classification number | GV1060.5 |
| Item number | .H37 |
| 082 00 - DEWEY DECIMAL CLASSIFICATION NUMBER | |
| Classification number | 796.4/2 |
| Author mark and Year | HEA 1973 |
| 100 1# - MAIN ENTRY--PERSONAL NAME | |
| Personal name | Heaton, John. |
| 245 10 - TITLE STATEMENT | |
| Title | Better athletics--field (with cross country and race walking) / |
| Statement of responsibility, etc | by John Heaton ; (with 89 photographs and 9 diagrams). |
| 260 ## - PUBLICATION, DISTRIBUTION, ETC. (IMPRINT) | |
| Place of publication, distribution, etc | London : |
| Name of publisher, distributor, etc | Kaye and Ward, |
| Date of publication, distribution, etc | 1973. |
| 300 ## - PHYSICAL DESCRIPTION | |
| Pagination | 211 p. : |
| Other physical details | ill., ports. ; |
| Dimensions | 18 cm. |
| 500 ## - GENERAL NOTE | |
| General note | Stamped on t.p.: Distributed by Sportshelf, New Rochelle, N.Y. |
| 520 ## - SUMMARY, ETC. | |
| Summary, etc | Text and photographs describe the equipment, training, and techniques for such activities as shot putting, discus throwing, cross country running, and others. |
| 650 #0 - SUBJECT ADDED ENTRY--TOPICAL TERM | |
| Topical term or geographic name as entry element | Track and field. |
| 650 #1 - SUBJECT ADDED ENTRY--TOPICAL TERM | |
| Topical term or geographic name as entry element | Track and field. |
| 942 ## - ADDED ENTRY ELEMENTS (KOHA) | |
| Source of classification or shelving scheme | Dewey Decimal Classification |
| Koha item type | Books |
| Source of classification or shelving scheme | Damaged status | Not for loan | Home library | Current library | Shelving location | Date of accession | Total Checkouts | Full call number | Barcode | Date last seen | Copy number | Koha item type |
|---|---|---|---|---|---|---|---|---|---|---|---|---|
| Dewey Decimal Classification | JCC Rouf Library | JCC Rouf Library | General Stacks | 04/04/2018 | 796.4/2 HEA 1973 | 13040 | 04/04/2018 | C-1 | Books |